Cuentos de barro

Uloženo v:
Podrobná bibliografie
Hlavní autor: Salarrué
Médium: Kniha
Jazyk:Undetermined
Vydáno: San José, Costa Rica EDUCA 1982
Vydání:4
Témata:
Tagy: Přidat tag
Žádné tagy, Buďte první, kdo vytvoří štítek k tomuto záznamu!

MARC

LEADER 00000nam a2200000Ia 4500
008 170316s9999 xx 000 0 und d
040 |a cru BVZT 
090 |a 860 S-2c 
100 |a Salarrué 
245 |a Cuentos de barro 
250 |a 4 
260 |a San José, Costa Rica 
260 |b EDUCA 
260 |c 1982 
300 |a 176 páginas 
650 |a LITERATURA LATINOAMERICANA 
999 |c 9234  |d 9234 
942 |c 15 D  |h 860 S-2c  |2 z